000 00711nam a2200289Ia 4500
005 20260324121751.0
008 008 260324s9999 xx 000 0 eng d
020 _a9780203385616
037 _aEBOOK
040 _aCRL
040 _beng
040 _cCRL
041 _2eng
041 _aeng
084 _qCRL
100 _aPınar Akçalı; Cennet Engin-Demir
_91163797
245 0 _aPolitics, Identity and Education in Central Asia
245 0 _bPost-Soviet Kyrgyzstan
260 _bTaylor and Francis
260 _c2013
365 _a
365 _b240
856 _uhttp://www.taylorfrancis.com/books/9780203385616
942 _cEBOOK
999 _c1756096
_d1756096